[Event "Challenge"]
[Site "http://www.queenalice.com/game.php?id=1191755"]
[Date "2013.6.17"]
[Round "-"]
[White "luk3993"]
[Black "Piotrek"]
[Result "1-0"]
[WhiteElo "1606"]
[BlackElo "1287"]

1. e4 e5 2. Nf3 d6 3. d4 Nc6 4. d5 Nce7 5. h4 g6 6. a4 a5 7. Bb5+ c6 8. dxc6
bxc6 9. Bc4 Nf6 10. Ng5 d5 11. exd5 cxd5 12. Bb5+ Bd7 13. Qf3 Bxb5 14. Qxf6 Kd7
15. Nxf7 Qe8 16. Qd6+ Kc8 17. Nxh8 Nf5 18. Qxd5 Bc6 19. Qd3 Bxg2 20. Qc3+ Kb8
21. Rg1 1-0

[Event "Challenge"]
[Site "http://www.queenalice.com/game.php?id=1191756"]
[Date "2013.6.17"]
[Round "-"]
[White "Cubanauta"]
[Black "luk3993"]
[Result "1-0"]
[WhiteElo "1752"]
[BlackElo "1580"]

1. d4 f5 2. Nc3 h5 3. Nf3 Nf6 4. Bf4 d6 5. e3 c5 6. Bb5+ Bd7 7. Bc4 Nc6 8. dxc5
dxc5 9. O-O e5 10. Nxe5 Nxe5 11. Bxe5 Bc6 12. Qxd8+ Rxd8 13. Rad1 h4 14. Bxf6
gxf6 15. Bb5 h3 16. g3 a6 17. Bxc6+ bxc6 18. e4 f4 19. g4 f3 20. Rxd8+ Kxd8 21.
Rd1+ Kc7 22. Rd3 Rh4 23. Rxf3 Bd6 24. Rxf6 Rxg4+ 25. Kf1 Bxh2 26. Rh6 Rg1+ 27.
Ke2 Rg2 28. Rxh3 Bg1 29. Kf1 Rxf2+ 30. Kxg1 Rxc2 31. b3 Rxa2 32. Nxa2 Kb6 33. b4
cxb4 34. Nxb4 a5 35. Nd3 c5 36. Nb2 Kb5 37. e5 c4 38. e6 Kb4 39. e7 c3 40. e8=Q
cxb2 41. Qb8+ Kc4 42. Qxb2 a4 43. Qc3+ Kd5 44. Rh4 Kd6 45. Qa5 Ke6 46. Rh6+ 1-0

[Event "Challenge"]
[Site "http://www.queenalice.com/game.php?id=1191757"]
[Date "2013.6.17"]
[Round "-"]
[White "FoxInSox"]
[Black "luk3993"]
[Result "1-0"]
[WhiteElo "1688"]
[BlackElo "1612"]

1. e4 Nf6 2. e5 Nh5 3. Qxh5 d6 4. Bc4 g6 5. Qf3 f5 6. exf6 exf6 7. Qe4+ Qe7 8.
Qxe7+ Bxe7 9. Nf3 g5 10. Nd4 a6 11. Be6 c5 12. Bxc8 cxd4 13. Bxb7 Ra7 14. Bd5 f5
15. O-O g4 16. d3 Rc7 17. Na3 h5 18. Bf4 h4 19. Rae1 Kd7 20. Rxe7+ Kxe7 21. Nc4
Rd8 22. Re1+ Kf6 23. Re6+ Kg7 24. Ne5 Rxc2 25. Re7+ Kh8 26. Ng6# 1-0

[Event "Challenge"]
[Site "http://www.queenalice.com/game.php?id=1191758"]
[Date "2013.6.17"]
[Round "-"]
[White "luk3993"]
[Black "CaptainJester"]
[Result "1/2-1/2"]
[WhiteElo "1593"]
[BlackElo "1794"]

1. e4 c5 2. c3 Nc6 3. f4 g6 4. h4 Bg7 5. h5 Nf6 6. hxg6 fxg6 7. e5 Ne4 8. Qf3
Nxd2 9. Nxd2 O-O 10. Bc4+ e6 11. Nh3 Bxe5 12. Ne4 Bg7 13. Nhg5 Ne5 14. Qe2 Nxc4
15. Qxc4 d5 16. Qxc5 dxe4 17. Nxh7 Rf5 18. Qe3 Qd3 19. Nf6+ Bxf6 20. Kf2 Qxe3+
21. Bxe3 Rh5 22. Rad1 Rxh1 23. Rxh1 Kg7 24. g4 e5 25. g5 exf4 26. gxf6+ Kxf6 27.
Bxf4 Be6 28. a4 Rc8 29. Be3 a6 30. Bd4+ Kf5 31. Ke3 Rc4 32. b3 Rc7 33. Rf1+ Kg4
34. Rf6 Bf5 35. b4 Rc6 36. Rf7 b5 37. a5 Kg3 1/2-1/2

[Event "Challenge"]
[Site "http://www.queenalice.com/game.php?id=1191769"]
[Date "2013.6.17"]
[Round "-"]
[White "Piotrek"]
[Black "luk3993"]
[Result "0-1"]
[WhiteElo "1291"]
[BlackElo "1602"]

1. d4 d5 2. b4 a5 3. bxa5 Rxa5 4. Bd2 Ra6 5. e3 Rd6 6. Nf3 Bg4 7. Be2 Nf6 8. Bb4
Rc6 9. Bb5 h5 10. Bxc6+ Nxc6 11. c3 e5 12. Bxf8 Kxf8 13. Qb3 Na5 14. Qa3+ c5 15.
Qxc5+ Kg8 16. Nxe5 b6 17. Qb5 Ne4 18. Nxg4 hxg4 0-1

[Event "Challenge"]
[Site "http://www.queenalice.com/game.php?id=1191770"]
[Date "2013.6.17"]
[Round "-"]
[White "IlTurlaghino"]
[Black "luk3993"]
[Result "1-0"]
[WhiteElo "2041"]
[BlackElo "1644"]

1. d4 d5 2. c4 dxc4 3. e4 e5 4. d5 f5 5. f3 Bb4+ 6. Nc3 Nf6 7. Qa4+ c6 8. Qxb4
cxd5 9. exd5 Nxd5 10. Nxd5 Qxd5 11. Bxc4 Nc6 12. Qb3 Qc5 13. Be3 Nd4 14. Qa4+
Bd7 15. Bxd4 exd4 16. Qb3 b5 17. Bf7+ Kd8 18. Ne2 Rf8 19. Rc1 Qe5 20. f4 Qe4 21.
Bd5 Be6 22. Bxe6 d3 23. O-O dxe2 24. Rfe1 Qxf4 25. Qd5+ Ke7 26. Qd7+ Kf6 27. Rc6
Qe3+ 28. Kh1 Rae8 29. Bxf5+ Kg5 30. Qd5 Re5 31. Rc3 Qf2 32. Qd2+ Kxf5 33. Rf3+
Ke6 34. Rxf2 Rxf2 35. Kg1 Rff5 36. Rxe2 g5 37. g4 Rf4 38. h3 Rf3 39. Kg2 Rf4 40.
Kg3 h5 41. gxh5 Rh4 42. Rxe5+ Kxe5 43. Qxg5+ 1-0

[Event "AUTO-ADV-2893"]
[Site "http://www.queenalice.com/game.php?id=1196419"]
[Date "2013.7.2"]
[Round "1"]
[White "Fischercat"]
[Black "luk3993"]
[Result "1-0"]
[WhiteElo "1756"]
[BlackElo "1609"]

1. Nf3 f5 2. d3 d5 3. Bf4 c5 4. e3 Nf6 5. Be2 Nc6 6. O-O a5 7. a3 d4 8. c3 dxe3
9. Bxe3 b6 10. Nbd2 Rg8 11. Nc4 h6 12. Nfe5 Qd5 13. Ng6 Rb8 14. Bh5 b5 15. Nf4+
g6 16. Bxg6+ Kd7 17. Nxd5 Rxg6 18. Ncb6+ Kd6 19. Nxf6 Rxf6 20. Nxc8+ Rxc8 21.
Re1 f4 22. Bd2 Ne5 23. Qe2 f3 24. Qxe5+ Kc6 25. Be3 Kb6 26. b4 axb4 27. axb4 Bg7
28. Bxc5+ Kc6 29. Ra6+ Kd7 30. Qxe7# 1-0

[Event "AUTO-ADV-2893"]
[Site "http://www.queenalice.com/game.php?id=1196420"]
[Date "2013.7.2"]
[Round "1"]
[White "luk3993"]
[Black "Fischercat"]
[Result "1-0"]
[WhiteElo "1591"]
[BlackElo "1766"]

1. c4 f5 2. d4 d6 3. f4 e6 4. Nc3 Nf6 5. h3 Bd7 6. e3 c6 7. g4 Ne4 8. gxf5 Qh4+
9. Ke2 Qf2+ 10. Kd3 Ng3 11. Ne4 Nxh1 12. Nxf2 Nxf2+ 13. Kd2 Nxd1 14. Kxd1 exf5
15. b4 a5 16. Bd2 axb4 17. Rb1 c5 18. Nf3 Rxa2 19. h4 Ba4+ 20. Ke2 b5 21. dxc5
dxc5 22. Ke1 Be7 23. cxb5 O-O 24. Bd3 Bc2 25. Bc4+ Kh8 26. Bxa2 Bxb1 27. Bxb1
Nd7 28. e4 fxe4 29. Bxe4 Rb8 30. Bc6 b3 31. Bc3 Nb6 32. Be5 Rf8 33. Nd2 Bxh4+
34. Kd1 Bf6 35. Bd6 b2 36. Bxf8 Nc4 37. Nb1 1-0

[Event "AUTO-ADV-2893"]
[Site "http://www.queenalice.com/game.php?id=1196433"]
[Date "2013.7.2"]
[Round "1"]
[White "Joe_Boyd"]
[Black "luk3993"]
[Result "1-0"]
[WhiteElo "1767"]
[BlackElo "1622"]

1. e4 c5 2. Nc3 e5 3. Bc4 Nc6 4. d3 Be7 5. f4 Nf6 6. Nf3 d6 7. O-O h5 8. f5 g6
9. fxg6 fxg6 10. Ng5 Rf8 11. Be6 Qa5 12. Nd5 Nxd5 13. Bxd5 Bxg5 14. Rxf8+ Kxf8
15. Bxg5 Nd4 16. Qf1+ Bf5 17. exf5 gxf5 18. c3 Qa4 19. b3 Qd7 20. cxd4 exd4 21.
Be4 Kg7 22. Qxf5 Qxf5 23. Bxf5 Re8 24. Rf1 Re5 25. h4 Re3 26. Bxe3 dxe3 27. Be6
d5 28. Kh2 Kg6 29. Kg3 b5 30. Rf5 Kh6 31. Bxd5 Kg6 32. Be4 a5 33. Kf3 a4 34.
Kxe3 1-0

[Event "AUTO-ADV-2893"]
[Site "http://www.queenalice.com/game.php?id=1196434"]
[Date "2013.7.2"]
[Round "1"]
[White "luk3993"]
[Black "Joe_Boyd"]
[Result "0-1"]
[WhiteElo "1642"]
[BlackElo "1756"]

1. e4 e6 2. d4 d5 3. e5 c5 4. h4 Nc6 5. Bb5 Qb6 6. c4 cxd4 7. Nf3 Bc5 8. Qd2 Bd7
9. a4 dxc4 10. Bxc4 Nge7 11. Na3 Ng6 12. Nb5 Ngxe5 13. Nd6+ Bxd6 14. a5 Qc5 15.
a6 Nxf3+ 16. gxf3 Qxc4 17. Qg5 Nb4 18. Ra5 Nc2+ 19. Kd1 Ba4 20. axb7 Ne3+ 21.
Ke1 Qxc1+ 22. Ke2 Qc2+ 23. Ke1 Qd1# 0-1

[Event "AUTO-ADV-2893"]
[Site "http://www.queenalice.com/game.php?id=1196441"]
[Date "2013.7.2"]
[Round "1"]
[White "gomestrovao"]
[Black "luk3993"]
[Result "1-0"]
[WhiteElo "1799"]
[BlackElo "1599"]

1. e4 e5 2. Bc4 c5 3. Nf3 Nf6 4. Nc3 h5 5. Ng5 h4 6. Nxf7 Qc7 7. Nxh8 Qc6 8. d3
d6 9. h3 a6 10. Ng6 b5 11. Bd5 Nxd5 12. Nxd5 c4 13. Qf3 Nd7 14. Qh5 Nf6 15.
Nxf6+ gxf6 16. Nxe5+ Kd8 17. Nxc6+ Kc7 18. Nd4 Kd7 19. Qf7+ Be7 20. Nf5 Bb7 21.
Qxe7+ Kc8 22. Nxd6+ 1-0

[Event "AUTO-ADV-2893"]
[Site "http://www.queenalice.com/game.php?id=1196442"]
[Date "2013.7.2"]
[Round "1"]
[White "luk3993"]
[Black "gomestrovao"]
[Result "0-1"]
[WhiteElo "1631"]
[BlackElo "1807"]

1. d4 d5 2. f4 Bf5 3. Nf3 e6 4. e3 a6 5. Qd2 Nc6 6. a3 h6 7. b4 Bd6 8. b5 Na7 9.
bxa6 b5 10. a4 c6 11. Bd3 Bxd3 12. cxd3 Nc8 13. Qb2 Rxa6 14. Bd2 Rxa4 15. Rxa4
bxa4 16. e4 Qb6 17. Qxb6 Nxb6 18. Ba5 Bc7 19. Ne5 Bxe5 20. dxe5 Nd7 21. exd5
cxd5 22. Nc3 Ne7 23. Nxa4 O-O 24. Bb4 Ra8 25. Nb2 Nc6 26. Bd2 Nd4 27. O-O Ra2
28. Rb1 Nb3 29. Bc3 d4 30. Be1 Ndc5 31. Bf2 Nd2 32. Rc1 Ncb3 33. Be1 Nxc1 34.
Bxd2 Rxb2 35. Be1 Nxd3 36. Kf1 Nxe1 37. Kxe1 Rxg2 38. h3 Rh2 0-1

[Event "AUTO-ADV-2926"]
[Site "http://www.queenalice.com/game.php?id=1205901"]
[Date "2013.8.7"]
[Round "1"]
[White "worldwide"]
[Black "luk3993"]
[Result "1-0"]
[WhiteElo "1799"]
[BlackElo "1595"]

1. e4 d6 2. d4 c5 3. Nf3 Nc6 4. d5 Ne5 5. Nxe5 dxe5 6. Be3 e6 7. dxe6 Bxe6 8.
Bb5+ Bd7 9. Qd3 a6 10. Bc4 g6 11. Nc3 Bc6 12. Nd5 Bxd5 13. Bxd5 Qb6 14. Qc4
O-O-O 15. O-O f5 16. Rab1 Nf6 17. b4 Nxe4 18. bxc5 Qc7 19. Rxb7 Qa5 20. Rfb1
Bxc5 21. Rb8+ Kd7 22. R1b7+ Kd6 23. Bxc5+ Nxc5 24. Rb6+ Kc7 25. R8b7+ Kc8 26.
Be6+ Rd7 27. Bxd7+ Kd8 28. Rb8+ Kxd7 29. Qf7# 1-0

[Event "AUTO-ADV-2926"]
[Site "http://www.queenalice.com/game.php?id=1205902"]
[Date "2013.8.7"]
[Round "1"]
[White "luk3993"]
[Black "worldwide"]
[Result "0-1"]
[WhiteElo "1587"]
[BlackElo "1857"]

1. d4 d5 2. Nd2 e6 3. e4 dxe4 4. Qh5 Nf6 5. Qh4 Qxd4 6. c3 Qd8 7. Nxe4 Nbd7 8.
g4 b6 9. g5 Nxe4 10. Qxe4 Rb8 11. Bh3 Bb7 12. Qa4 Bxh1 13. Bf4 Bc5 14. f3 Bxg1
15. Ke2 Bxf3+ 16. Kxf3 Bc5 17. b4 Bd6 18. Rd1 Bxf4 19. Kxf4 O-O 20. Rxd7 Qe8 21.
Qc6 Rc8 22. a4 f5 23. Rxc7 Qxc6 24. Rxc6 Rxc6 25. Ke5 Rxc3 26. Bf1 Re3+ 27. Kd4
f4 28. Bh3 e5+ 29. Kc4 Rxh3 30. Kb5 Rc8 31. Ka6 Ra3 32. Kb7 Rc2 33. a5 bxa5 34.
b5 Rb3 35. Ka6 a4 36. Ka5 a3 0-1

[Event "AUTO-ADV-2926"]
[Site "http://www.queenalice.com/game.php?id=1205915"]
[Date "2013.8.7"]
[Round "1"]
[White "oniwa"]
[Black "luk3993"]
[Result "1-0"]
[WhiteElo "1888"]
[BlackElo "1599"]

1. d4 f5 2. Nc3 Nc6 3. Nf3 d6 4. Bf4 h6 5. e4 g5 6. Bd2 Nf6 7. Bb5 fxe4 8. d5
exf3 9. dxc6 Kf7 10. Qxf3 g4 11. Bc4+ Ke8 12. Qd3 Rg8 13. Bxg8 e5 14. Qg6+ Ke7
15. Qf7# 1-0

[Event "AUTO-ADV-2926"]
[Site "http://www.queenalice.com/game.php?id=1205916"]
[Date "2013.8.7"]
[Round "1"]
[White "luk3993"]
[Black "oniwa"]
[Result "0-1"]
[WhiteElo "1582"]
[BlackElo "1961"]

1. d4 Nf6 2. f3 d5 3. Nc3 Nc6 4. e4 dxe4 5. h4 exf3 6. gxf3 Nxd4 7. Be3 e5 8.
Nge2 Nxf3+ 9. Kf2 Qxd1 10. Rxd1 Bg4 11. Ng3 Nd4 12. Rd2 O-O-O 13. Nb5 a6 14.
Nxd4 exd4 15. Bxd4 h5 16. b4 Bxb4 17. c3 Bc5 18. Bg2 Bxd4+ 19. cxd4 Rhe8 20. Rb1
c6 21. Rc1 Kb8 22. Rb2 Kc7 23. d5 Nxd5 24. Ne4 Nf4 25. Bh1 Nd3+ 26. Kg3 Nxb2 27.
Nf2 Re3+ 28. Kf4 Rde8 29. Rg1 f5 30. Nxg4 fxg4 31. Kg5 R3e5+ 32. Kg6 R5e6+ 33.
Kxh5 Rh8+ 34. Kg5 Rhh6 35. Kf5 Rhf6+ 36. Kxg4 Rg6+ 0-1

[Event "Challenge"]
[Site "http://www.queenalice.com/game.php?id=1209969"]
[Date "2013.8.20"]
[Round "-"]
[White "zmanomega"]
[Black "luk3993"]
[Result "0-1"]
[WhiteElo "1508"]
[BlackElo "1571"]

1. e4 e5 2. Bc4 Nf6 3. d3 Nc6 4. c3 d5 5. exd5 Nxd5 6. Nf3 Be6 7. Bxd5 Qxd5 8.
Na3 h5 9. c4 Qa5+ 10. Bd2 Nb4 11. Bxb4 Bxb4+ 12. Nd2 O-O-O 13. Nc2 Be7 14. O-O
Rxd3 15. Qe2 Rxd2 16. Qe4 Rxc2 17. Qxc2 g5 18. Rfe1 Qc5 19. b3 f5 20. a4 g4 21.
Qc3 Bf6 22. Rad1 f4 23. Rd3 Rf8 24. Rd2 e4 25. Qc2 e3 26. fxe3 fxe3 27. Rde2 Bf5
28. Qc1 a6 29. Kh1 Bd4 30. Kg1 h4 31. g3 hxg3 32. hxg3 Qd6 33. Rd1 Qxg3+ 34. Kf1
Qf3+ 35. Kg1 Qxe2 36. Rxd4 Qf2+ 37. Kh1 Rh8# 0-1

[Event "AUTO-INT-2626"]
[Site "http://www.queenalice.com/game.php?id=1212441"]
[Date "2013.8.28"]
[Round "2"]
[White "NatanEstivallet"]
[Black "luk3993"]
[Result "1-0"]
[WhiteElo "1871"]
[BlackElo "1596"]

1. e4 c5 2. Nf3 Nc6 3. Bb5 d5 4. exd5 Qxd5 5. Nc3 Qe6+ 6. Qe2 a6 7. Qxe6 Bxe6 8.
Bxc6+ bxc6 9. d3 f5 10. Ne5 Rd8 11. Nxc6 Rd6 12. Ne5 Nf6 13. Bf4 Bd5 14. Nxd5
Rxd5 15. O-O-O Ng4 16. Nxg4 fxg4 17. Rhe1 g5 18. Be5 Rg8 19. Re2 1-0

[Event "AUTO-INT-2626"]
[Site "http://www.queenalice.com/game.php?id=1212442"]
[Date "2013.8.28"]
[Round "2"]
[White "luk3993"]
[Black "NatanEstivallet"]
[Result "0-1"]
[WhiteElo "1601"]
[BlackElo "1866"]

1. e4 c5 2. Nf3 d6 3. d4 cxd4 4. Nxd4 Nf6 5. f3 e5 6. Bb5+ Bd7 7. Nc3 exd4 8.
Qxd4 Nc6 9. Qe3 Be7 10. O-O O-O 11. Nd5 Nxd5 12. Qf2 Nf6 13. g4 Ne5 14. a4 Bxb5
15. axb5 b6 16. f4 Nexg4 17. Qg2 Rc8 18. h3 Nh6 19. e5 dxe5 0-1

[Event "AUTO-INT-2626"]
[Site "http://www.queenalice.com/game.php?id=1212447"]
[Date "2013.8.28"]
[Round "2"]
[White "luk3993"]
[Black "Diplomata"]
[Result "0-1"]
[WhiteElo "1591"]
[BlackElo "1540"]

1. d4 d5 2. Nf3 f6 3. Nc3 c6 4. Qd3 g5 5. h4 h6 6. g3 f5 7. hxg5 Bg7 8. Bh3 e6
9. g4 Ne7 10. gxh6 Bxh6 0-1

[Event "AUTO-INT-2626"]
[Site "http://www.queenalice.com/game.php?id=1212449"]
[Date "2013.8.28"]
[Round "2"]
[White "luk3993"]
[Black "jgfmelo"]
[Result "0-1"]
[WhiteElo "1578"]
[BlackElo "1848"]

1. e4 e5 2. Nf3 f6 3. d4 d6 4. dxe5 fxe5 5. Nc3 a6 6. h4 h6 7. h5 Be7 8. g4 Bxg4
9. Rg1 Qd7 10. Nd5 Nf6 11. Qd3 Nxd5 12. Qxd5 Nc6 13. Nh2 Bxh5 14. Rxg7 O-O-O 15.
Rg3 Nb4 16. Rb3 Nxd5 17. exd5 Qf5 18. Bh3 Qxh3 19. Rxh3 Bg6 20. Bxh6 Bxc2 21.
Rc1 Be4 22. Rd1 Bg5 23. Ng4 Bxh6 24. Rxh6 Bf3 25. Rg6 Rh1+ 26. Kd2 Rxd1+ 27. Ke3
Bxg4 28. Rxg4 Rxd5 0-1

[Event "AUTO-INT-2626"]
[Site "http://www.queenalice.com/game.php?id=1212450"]
[Date "2013.8.28"]
[Round "2"]
[White "jgfmelo"]
[Black "luk3993"]
[Result "1-0"]
[WhiteElo "1834"]
[BlackElo "1584"]

1. e4 Nf6 2. e5 Ng8 3. Nf3 c5 4. Nc3 d6 5. d4 Nc6 6. d5 Nxe5 7. Nxe5 dxe5 8. Be3
Qa5 9. Bb5+ Bd7 10. Qd3 a6 11. Bxd7+ Kxd7 12. Qf5+ Ke8 13. Qxe5 f6 14. Qe6 Nh6
15. Bxh6 gxh6 16. d6 Rd8 17. O-O-O Rd7 18. dxe7 Rxe7 19. Qc8+ Kf7 20. Rhe1 Bg7
21. Rxe7+ Kxe7 22. Qd7+ Kf8 23. Qd6+ Kf7 24. Qd7+ Kg6 25. Qg4+ Kf7 26. Rd7+ 1-0